banner-ar

العلاج السلوكى للطفل : اساليبه ونماذج من حالاته ( عالم المعرفة 180 ) / (Record no. 50320)

MARC details
000 -الفاتح
حقل البيانات ثابتة الطول 00783nam a2200229Ia 4500
005 - وقت وتاريخ اخر تعامل مع التسجيلة
رقم الضبط 20240530104738.0
008 - عناصر البيانات ثابتة الطول - معلومات عامة
حقل البيانات ثابتة الطول 140319s9999 xx 000 0 ara d
040 ## - مصدر الفهرسة
وكالة الفهرسة الأصلية GCL /
وكالة النسخ GCL
082 04 - رقم تصنيف ديوى العشرى
رقم التصنيف د
رقم المادة 050
100 1# - المدخل الرئيسى - إسم شخصى
الإسم الشخصى عبدالستار ابراهيم
245 10 - بيان العنوان
العنوان العلاج السلوكى للطفل : اساليبه ونماذج من حالاته ( عالم المعرفة 180 ) /
بيان المسئوليه,etc عبدالستار ابراهيم
300 ## - الوصف المادى
التعداد 373 ص
490 ## - بيان السلسلة
عنوان السلسلة عالم المعرفة
رقم المجلد/ التعيين التسلسلي 0
650 04 - المدخل الاضافى بالموضوع-مصطلح موضوعى
مصطلح موضوعي الصحة النفسية
650 04 - المدخل الاضافى بالموضوع-مصطلح موضوعى
مصطلح موضوعي الاطفال
650 04 - المدخل الاضافى بالموضوع-مصطلح موضوعى
مصطلح موضوعي العلاج النفسى
650 04 - المدخل الاضافى بالموضوع-مصطلح موضوعى
مصطلح موضوعي الاطفال - علم نفس
700 1# - المدخل الاضافى - اسم شخصى
الإسم الشخصى عبدالعزيز عبدالله الدخيل
700 1# - المدخل الاضافى - اسم شخصى
الإسم الشخصى رضوى ابراهيم
942 ## - عناصر المدخل الإضافي( كوها)
مصدر التصنيف او مخطط الترفيف Dewey Decimal Classification
Koha [default] item type كتاب
Holdings
حالة التراجع حالة الفقد حالة تلف ليس للاعارة المكان المؤقت الموقع الحالى تاريخ الاكتساب اجمالي اﻻعارات رقم الطلب الباركود تاريخ اخر مشاهدة تاريخ تفعيل السعر نوع وعاء كوها
        مكتبة القاهرة الكبرى مكتبة القاهرة الكبرى 03/26/2014   د\050 120718 03/26/2014 03/26/2014 كتاب

Powered By

EGPV